Statystyki dla Ramy czasowe epok literackich

Kliknij tutaj aby rozwiązać quiz!

Ogólne statystyki

  • Ten quiz został rozwiązany 6 razy
  • Średni wynik to 2 z 11

Statystyki odpowiedzi

HintOdpowiedź% Poprawnych
Średniowiecze476 - 1453 / 476 - 1492 / 476 - 1450 / V - XV
100%
Renesans1450 - 1629 / 1453 - 1629 / 1492 - 1629 (w Europie) / XVI (w Polsce)
33%
RomantyzmXVIII - XIX (w Europie) / 1822 - 1863 (w Polsce)
33%
BarokXVI - XVII (w Europie) / 1584 - 1740 / 1629 - 1740 (w Polsce)
33%
Literatura wojny01.09.1939 - 08.05.1945
0%
Literatura współczesna08.05.1945 - ...
0%
XX - lecie międzywojenne11.11.1918 - 01.09.1939
0%
Oświecenie1680 - 1789 (w Europie) / 1740 - 1790 (w Polsce)
0%
Pozytywizm1863 - 1890
0%
Młoda Polska1890 - 11.11.1918
0%
Antykdo 476 (upadek cesarstwa zachodniorzymskiego)
0%

Rozkład punktacji

Percentyl według liczby udzielonych odpowiedzi

Procent ludzi z każdym wynikiem

Twoja historia wyników

Nie rozwiązałeś tego quizu